Proceedings of the 3rd Tropical Pulp & Paper Conference

Bibliographic Details
Corporate Authors: TROPICAL Pulp & Paper Conference, Institut Penyelidikan Perhutanan Malaysia (FRIM)
Other Authors: Khoo, Mohd Nor Mohd Yusoff, Nurulhuda Mohd Nasir
Format: Book
Published: Kuala Lumpur : Forest Research Institute Malaysia , 1994
Subjects:

MARC

LEADER 00000cam a2200000 7i4500
001 0000000502
005 20000824.0
020 0 0 |a 9839592378 
090 0 0 |a 676   |b TRO 1994 
110 1 0 |a TROPICAL Pulp & Paper Conference 
245 1 0 |a Proceedings of the 3rd Tropical Pulp & Paper Conference   |c editors, Mohd Nor Mohd Yusoff, Khoo Kean Choon & Nurulhuda Mohd Nasir 
260 0 0 |a Kuala Lumpur :   |b Forest Research Institute Malaysia ,   |c 1994 
300 |a 263 p. :   |b ill. ;   |c 26 cm. 
500 0 0 |a Includes bibliographical references 
650 0 0 |a Paper industry   |x Congresses 
650 0 0 |a Wood-pulp industry   |x Congresses 
700 0 1 |a Khoo   |h Kean Choon 
700 0 1 |a Mohd Nor Mohd Yusoff 
700 0 1 |a Nurulhuda Mohd Nasir 
710 1 1 |a Institut Penyelidikan Perhutanan Malaysia (FRIM) 
999 |a 0000001631   |b Monograph   |c Open Shelf   |e Default branch